000 00453nab a2200145Ia 4500
003 ES-SlBCS
005 20210601124308.0
008 140529s1978 xxu||||| |||| 00| 0 eng d
041 _aeng
100 1 _aWaren, Donald R.
_9139308
245 0 2 _aA Past for the Present: History, Education, and Public Policy
_c Donald R. Waren
650 0 4 _aEducación
_986687
773 0 _tEducational Theory
_gvol. 28, nº. 4, 1978, págs. 253-262
_wRev1399
942 _cAR
999 _c512461
_d512461